Strategies into the 1990s : the masterplan guide to profitable sales and marketing development
| Main Author: | |
|---|---|
| Format: | Book |
| Published: |
Singapore :
Heinemann Asia ,
1991
|
| Series: | Professional improvement series
|
| Subjects: |
MARC
| LEADER | 00000cam a2200000 7i4500 | ||
|---|---|---|---|
| 001 | 0000004612 | ||
| 002 | 000004974 | ||
| 005 | 20000330.0 | ||
| 020 | |a 9971643197 | ||
| 090 | 0 | 0 | |a 658.85 |b SHA |
| 100 | 1 | |a Shaw, John | |
| 245 | 1 | 0 | |a Strategies into the 1990s : |b the masterplan guide to profitable sales and marketing development |c John Shaw |
| 260 | |a Singapore : |b Heinemann Asia , |c 1991 | ||
| 300 | |a 166p. ; |c 22cm. | ||
| 490 | 0 | |a Professional improvement series | |
| 650 | 0 | 0 | |a Sales management |
| 650 | 0 | 0 | |a Selling |
| 999 | |a 037416 |b BUKU |c PINJAMAN |e PERPUSTAKAAN KOMUNITI PETALING JAYA | ||